[Event "18th Unive Open 2014"]
[Site "Hoogeveen NED"]
[Date "2014.10.15"]
[Round "6.27"]
[White "Mijnheer, Peter"]
[Black "Groetzbach, Daniel"]
[Result "1/2-1/2"]
[WhiteElo "2169"]
[BlackElo "1976"]
[WhiteFideId "1007408"]
[BlackFideId "24692166"]
[EventDate "2014.10.11"]

1. e4 c5 2. Nf3 d6 3. d4 cxd4 4. Nxd4 Nf6 5. Nc3 a6 6. Be2 e5 7. Nb3 Be7 8. Be3
Be6 9. O-O O-O 10. f4 exf4 11. Rxf4 Nc6 12. Nd5 Bxd5 13. exd5 Ne5 14. Rb4 Qc7
15. a4 Rfe8 16. Qd2 Rac8 17. c3 Nfd7 18. Rf1 Nc5 19. Qc2 Qd7 1/2-1/2

[Event "18th Unive Open 2014"]
[Site "Hoogeveen NED"]
[Date "2014.10.15"]
[Round "6.28"]
[White "Hummel, Paul"]
[Black "Gieben, Stijn"]
[Result "1-0"]
[WhiteElo "2027"]
[BlackElo "2157"]
[WhiteFideId "1021168"]
[BlackFideId "1034170"]
[EventDate "2014.10.11"]

1. Nf3 d5 2. g3 c6 3. Bg2 Nf6 4. O-O g6 5. d4 Bg7 6. b3 O-O 7. Bb2 Bf5 8. Nbd2
Nbd7 9. c4 Ne4 10. Nh4 Nxd2 11. Qxd2 dxc4 12. Nxf5 gxf5 13. bxc4 Nb6 14. Rac1 e6
15. Rfd1 Rb8 16. d5 c5 17. Bxg7 Kxg7 18. Qa5 Nd7 19. Qc3+ e5 20. Bh3 Qf6 21. e4
b5 22. Bxf5 b4 23. Qe3 1-0

[Event "18th Unive Open 2014"]
[Site "Hoogeveen NED"]
[Date "2014.10.15"]
[Round "6.29"]
[White "Bakels, Anton"]
[Black "Fluit, Johnny"]
[Result "1-0"]
[WhiteElo "2056"]
[BlackElo "2108"]
[WhiteFideId "1046187"]
[BlackFideId "1016253"]
[EventDate "2014.10.11"]

1. e4 c6 2. d4 d5 3. Nc3 dxe4 4. Nxe4 Nd7 5. Ng5 Ngf6 6. Bd3 e6 7. N1f3 Nb6 8.
Ne5 Qxd4 9. Ngxf7 Be7 10. Nf3 Qd5 11. Nxh8 Kf8 12. O-O e5 13. Bxh7 1-0

[Event "18th Unive Open 2014"]
[Site "Hoogeveen NED"]
[Date "2014.10.15"]
[Round "6.30"]
[White "Lesmann, Francis"]
[Black "Elgersma, Simon"]
[Result "1-0"]
[WhiteElo "2090"]
[BlackElo "1747"]
[WhiteFideId "1001949"]
[BlackFideId "1046101"]
[EventDate "2014.10.11"]

1. Nf3 Nf6 2. c4 g6 3. b4 Bg7 4. Bb2 O-O 5. g3 d5 6. cxd5 Nxd5 7. Bxg7 Kxg7 8.
a3 Re8 9. d4 a5 10. b5 Nd7 11. Bg2 N7f6 12. O-O Bd7 13. a4 c6 14. bxc6 Bxc6 15.
Ne5 Rc8 16. Qb3 Qb6 17. Qxb6 Nxb6 18. Nxc6 bxc6 19. Rc1 Nfd5 20. Rc5 Nb4 21. e3
N6d5 22. Nd2 Ra8 23. Nb3 e5 24. dxe5 Rxe5 25. Nxa5 Re6 26. Nb3 Ra6 27. Bf1 Ra7
28. Nd4 Re8 29. a5 Rea8 30. Nb3 f5 31. Nd4 Kf6 32. a6 Nc7 33. Nxc6 Ncxa6 34. Rc4 1-0

[Event "18th Unive Open 2014"]
[Site "Hoogeveen NED"]
[Date "2014.10.15"]
[Round "6.31"]
[White "Hendriks, Richard"]
[Black "Weidmann, Kevin"]
[Result "1-0"]
[WhiteElo "2110"]
[BlackElo "1883"]
[WhiteFideId "1006096"]
[BlackFideId "12939994"]
[EventDate "2014.10.11"]

1. e4 c5 2. Nf3 Nc6 3. Nc3 d6 4. d4 cxd4 5. Nxd4 e5 6. Ndb5 a6 7. Na3 b5 8. Nd5
Nge7 9. Be3 Nxd5 10. exd5 Ne7 11. c4 Nf5 12. Bd2 Be7 13. cxb5 Bg5 14. Nc2 O-O
15. Be2 axb5 16. O-O Bxd2 17. Qxd2 Qb6 18. Qb4 Bd7 19. a4 Rfc8 20. Bd3 Rc5 21.
axb5 Rxa1 22. Rxa1 g6 23. Ra6 Qb8 24. Qa5 Kg7 25. Ra8 Qb7 26. Be4 Nd4 27. Qd8
Nxc2 28. Qf8+ Kf6 29. Qd8+ Kg7 30. Qf8+ Kf6 31. Qxd6+ Kg7 32. Qf8+ Kf6 33. Qxc5
Qxa8 34. Qxc2 Qa1+ 35. Qb1 Qxb1+ 36. Bxb1 Bxb5 37. f3 Ke7 38. Kf2 Bc4 39. Ke3
Kd6 40. Bc2 Kxd5 41. g4 f6 42. h4 Kc5 43. f4 Be6 44. fxe5 fxe5 45. g5 Bd5 46.
Bd1 Be6 47. Ke4 Kd6 48. b4 Bf5+ 49. Ke3 Be6 50. Ba4 Bd5 51. Bd1 Be6 52. Be2 Bd5
53. Bf3 Be6 54. b5 Kc5 55. b6 Kxb6 56. Ke4 Kc7 57. Kxe5 Kd7 58. Kf6 Bf5 59. Bd5
Ke8 60. Bg8 Kf8 61. Bxh7 Bc2 62. Bxg6 Bb3 63. Bh7 Ba2 64. h5 Bb3 65. h6 Bf7 66.
g6 Bxg6 67. Kxg6 1-0

[Event "18th Unive Open 2014"]
[Site "Hoogeveen NED"]
[Date "2014.10.15"]
[Round "6.32"]
[White "Oord, Raymon"]
[Black "Sadallah, Osama"]
[Result "0-1"]
[WhiteElo "1841"]
[BlackElo "2108"]
[WhiteFideId "1046110"]
[BlackFideId "1002350"]
[EventDate "2014.10.11"]

1. c4 Nf6 2. d4 c6 3. Nc3 d5 4. cxd5 cxd5 5. Bf4 Nc6 6. e3 Bf5 7. Bd3 Bxd3 8.
Qxd3 e6 9. a3 Bd6 10. Nge2 O-O 11. O-O Na5 12. e4 Bxf4 13. Nxf4 dxe4 14. Nxe4
Nd5 15. Ne2 Qh4 16. g3 Qg4 17. f3 Qg6 18. Qb5 b6 19. b4 a6 20. Qd3 Nc6 21. Kh1
Rfd8 22. Rfd1 Nce7 23. N4c3 Nf5 24. Nxd5 exd5 25. Kg2 Qg5 26. f4 Qe7 27. Rd2
Ne3+ 28. Kf2 Nc4 29. Rc2 b5 30. Nc3 Qd7 31. Qf3 a5 32. bxa5 Rxa5 33. Rca2 Qa7
34. Qd3 Qd7 35. a4 b4 36. Nb5 Re8 37. Re1 Rxe1 38. Kxe1 Ra8 39. Kf2 h5 40. Kg2
h4 41. gxh4 Re8 42. f5 Re3 43. Qb1 Qe7 44. Rf2 Qxh4 45. Qxb4 Qh3+ 46. Kg1 Rd3
47. Qe1 Ne3 48. Re2 Rd1 49. Rxe3 Qxe3+ 50. Kf1 Qf3+ 51. Kg1 0-1

[Event "18th Unive Open 2014"]
[Site "Hoogeveen NED"]
[Date "2014.10.15"]
[Round "6.33"]
[White "Hummel, Joop"]
[Black "Poznyak, Nazar"]
[Result "1/2-1/2"]
[WhiteElo "1975"]
[BlackElo "1824"]
[WhiteFideId "1012126"]
[BlackFideId "14159902"]
[EventDate "2014.10.11"]

1. Nf3 Nf6 2. d4 c5 3. d5 g6 4. c4 b5 5. cxb5 a6 6. e3 axb5 7. Bxb5 Qa5+ 8. Nc3
Bb7 9. O-O Bg7 10. a4 O-O 11. e4 e6 12. Bf4 Qb6 13. Ne5 Na6 14. Nc4 Qd8 15. Nd6
Bc8 16. h3 Nc7 17. Nxc8 Qxc8 18. Bc4 Rb8 19. Qd2 Rb4 20. b3 e5 21. Bxe5 Nxe4 22.
Nxe4 Bxe5 23. Nxc5 Rxc4 24. bxc4 Bxa1 25. Rxa1 Na6 26. Nxa6 Qxa6 27. Qd4 Rc8 28.
c5 Qa7 29. d6 Qxc5 30. Qxc5 Rxc5 31. a5 Rc8 32. a6 Kg7 33. f4 Kf6 34. Kf2 Ke6
35. a7 Ra8 36. Ra6 Kd5 37. f5 Kc5 38. Ke3 Kb5 39. Ra1 Kb6 40. fxg6 fxg6 41. Kd4
Rxa7 42. Rxa7 Kxa7 43. Ke5 Kb6 44. Kf6 Kc6 45. Ke7 g5 46. g3 h5 47. g4 h4 48.
Kf6 Kxd6 49. Kxg5 Kc5 50. Kf4 d5 51. Ke3 Kc4 52. g5 d4+ 53. Ke4 d3 54. g6 d2 55.
g7 d1=Q 56. g8=Q+ Kc5 57. Qc8+ Kb6 58. Qb8+ 1/2-1/2

[Event "18th Unive Open 2014"]
[Site "Hoogeveen NED"]
[Date "2014.10.16"]
[Round "7.1"]
[White "Vovk, Andrey"]
[Black "Beliavsky, Alexander G"]
[Result "1/2-1/2"]
[WhiteTitle "GM"]
[BlackTitle "GM"]
[WhiteElo "2637"]
[BlackElo "2618"]
[WhiteFideId "14114470"]
[BlackFideId "14602377"]
[EventDate "2014.10.11"]

1. e4 e5 2. Nf3 Nc6 3. d4 exd4 4. Nxd4 Bc5 5. Nxc6 Qf6 6. Qf3 bxc6 7. Qg3 Ne7 8.
Nc3 Bd4 9. f4 d5 10. e5 Qg6 11. Qd3 Qxd3 12. Bxd3 O-O 13. Na4 f6 14. c3 Bb6 15.
Nxb6 axb6 16. exf6 Rxf6 17. Be3 Bf5 18. Be2 Be4 19. Rg1 Nf5 20. Bd2 d4 21. Kf2
d3 22. Bg4 Nd6 23. b3 b5 24. Be3 Bd5 25. Bf3 Bxf3 26. Kxf3 Nf5 27. Bf2 Rd6 28.
g4 Ne7 29. Bc5 Rd7 30. Rgd1 Ng6 31. Rd2 Rd5 32. b4 h5 33. h3 Nf8 34. Re1 Nd7 35.
Bd4 Kf7 36. Rxd3 hxg4+ 37. hxg4 Nb6 38. Rde3 Rd7 39. Re6 Nd5 40. g5 g6 41. Rxc6
Rd6 42. Rxd6 cxd6 43. f5 gxf5 44. g6+ Kxg6 45. Re6+ Kf7 46. Rxd6 Ne7 47. Rf6+
Ke8 48. Bc5 Nc8 49. Rxf5 Kd7 50. Ke4 Rxa2 51. Rf7+ Kc6 52. Rf6+ Kb7 53. Kd5 Rh2
54. Rf7+ Ka6 55. Kc6 Rh6+ 56. Kc7 Nb6 57. Bd6 Nd5+ 58. Kc6 Nxc3 59. Rf8 Ka7 60.
Rf3 Na4 61. Rf7+ Ka6 62. Rf8 Ka7 63. Rg8 Nb6 64. Rg7+ Ka6 65. Rg1 Rh8 66. Ra1+
Na4 67. Rf1 Rh6 68. Rf8 Ka7 69. Rd8 Nc3 70. Rd7+ Ka6 71. Rd8 1/2-1/2

[Event "18th Unive Open 2014"]
[Site "Hoogeveen NED"]
[Date "2014.10.16"]
[Round "7.2"]
[White "Heberla, Bartlomiej"]
[Black "Mikhalevski, Victor"]
[Result "1/2-1/2"]
[WhiteTitle "GM"]
[BlackTitle "GM"]
[WhiteElo "2567"]
[BlackElo "2550"]
[WhiteFideId "1115120"]
[BlackFideId "2801914"]
[EventDate "2014.10.11"]

1. e4 e5 2. Nf3 Nc6 3. Bb5 Nf6 4. O-O Nxe4 5. d4 Nd6 6. Bxc6 dxc6 7. dxe5 Nf5 8.
Qxd8+ Kxd8 9. Nc3 h6 10. Rd1+ Ke8 11. h3 Be7 12. Ne2 Bd7 13. b3 Rd8 14. Bb2 h5
15. Nfd4 1/2-1/2

[Event "18th Unive Open 2014"]
[Site "Hoogeveen NED"]
[Date "2014.10.16"]
[Round "7.4"]
[White "Stocek, Jiri"]
[Black "Romanishin, Oleg M"]
[Result "1/2-1/2"]
[WhiteTitle "GM"]
[BlackTitle "GM"]
[WhiteElo "2551"]
[BlackElo "2490"]
[WhiteFideId "304760"]
[BlackFideId "14100088"]
[EventDate "2014.10.11"]

1. d4 Nf6 2. c4 e6 3. Nf3 Bb4+ 4. Nbd2 b6 5. e3 Bb7 6. Bd3 O-O 7. O-O d5 8. a3
Bxd2 9. Bxd2 dxc4 10. Bxc4 Nbd7 11. Qe2 Ne4 12. Rfd1 Nxd2 13. Rxd2 Bxf3 14. Qxf3
Ne5 15. Qe2 Nxc4 16. Qxc4 c5 17. Rad1 cxd4 18. Qxd4 Qxd4 19. Rxd4 Rfe8 20. g3
Kf8 21. Kg2 g6 22. Kf3 Re7 23. Rd8+ Rxd8 24. Rxd8+ 1/2-1/2

[Event "18th Unive Open 2014"]
[Site "Hoogeveen NED"]
[Date "2014.10.16"]
[Round "7.5"]
[White "Kasparov, Sergey"]
[Black "Ernst, Sipke"]
[Result "1/2-1/2"]
[WhiteTitle "GM"]
[BlackTitle "GM"]
[WhiteElo "2484"]
[BlackElo "2555"]
[WhiteFideId "13500481"]
[BlackFideId "1004689"]
[EventDate "2014.10.11"]

1. e4 e5 2. Nf3 Nc6 3. Bb5 a6 4. Bxc6 dxc6 5. O-O Qf6 6. d4 exd4 7. Bg5 Qd6 8.
Nxd4 Bd7 9. Nc3 Ne7 10. Be3 c5 11. Nde2 Qxd1 12. Rfxd1 Ng6 13. Rd2 O-O-O 14.
Rad1 Bd6 15. Nd5 Bc6 16. f3 Rhe8 17. Kf2 Bf8 18. c4 a5 19. Nef4 Ne5 20. b3 a4
21. Nd3 Bxd5 22. Nxe5 Be6 23. Nd3 b6 24. Nf4 Rxd2+ 25. Rxd2 Bd7 26. Nd5 Rd8 27.
Bf4 Be8 28. Ke2 axb3 29. axb3 Rd7 30. Ne3 Be7 31. Nf5 Bf8 32. g4 g6 33. Ne3 c6
34. Rxd7 Bxd7 35. Be5 Be7 36. f4 f6 37. Bc3 Kd8 38. Kf3 Ke8 39. h4 Kf7 40. g5
fxg5 41. hxg5 b5 42. Ng4 Be6 43. Ne3 Bc8 44. Be5 Bd7 45. Bc7 Bc8 46. Ng4 Be6 47.
Ne3 Bc8 48. Ke2 Bh3 49. Nd1 Bg4+ 50. Kd2 Bh3 51. Ne3 Ke6 52. Kd3 Bf8 53. Be5 h6
54. gxh6 Bxh6 55. Bc7 Bg7 56. f5+ 1/2-1/2

[Event "18th Unive Open 2014"]
[Site "Hoogeveen NED"]
[Date "2014.10.16"]
[Round "7.6"]
[White "Malaniuk, Vladimir P"]
[Black "Rudolf, Anna"]
[Result "1/2-1/2"]
[WhiteTitle "GM"]
[BlackTitle "WGM"]
[WhiteElo "2495"]
[BlackElo "2314"]
[WhiteFideId "14100177"]
[BlackFideId "722855"]
[EventDate "2014.10.11"]

1. f4 d5 2. Nf3 Nf6 3. g3 g6 4. Bg2 Bg7 5. O-O O-O 6. d3 c6 7. e3 a5 8. a4 Na6
9. Nc3 Nc5 10. Qe1 Qb6 11. Kh1 Qc7 12. e4 dxe4 13. dxe4 Be6 14. Qe3 b6 15. h3
Rad8 16. Re1 Bc8 17. Qf2 Ba6 18. g4 e6 19. Qh4 Rfe8 20. Ng5 h6 21. Nf3 Qe7 22.
Qf2 Qc7 23. Bd2 Re7 24. Nh2 e5 25. f5 g5 26. h4 Nh7 27. hxg5 hxg5 28. Be3 Red7
29. Nf3 f6 30. Bf1 Qb7 31. Kg2 Bf8 32. b3 Qc8 33. Bxa6 Qxa6 34. Nd2 Nb7 35. Na2
Bc5 36. Nf1 Bxe3 37. Qxe3 Nc5 38. Nc3 Qb7 39. Re2 Rd4 40. Nd2 Nd3 41. Kg1 Nf4
42. Rh2 Qe7 43. Re1 Qb4 44. Ncb1 Qc5 45. Nf1 Qd6 46. Nbd2 c5 47. Nc4 Qc6 48. Na3
Qd7 49. Nb5 Rd1 50. Nc3 Rd4 51. Nb5 Rd1 52. Nc3 Rd4 1/2-1/2

[Event "18th Unive Open 2014"]
[Site "Hoogeveen NED"]
[Date "2014.10.16"]
[Round "7.7"]
[White "Guramishvili, Sopiko"]
[Black "Hambleton, Aman"]
[Result "1-0"]
[WhiteTitle "IM"]
[BlackTitle "IM"]
[WhiteElo "2381"]
[BlackElo "2456"]
[WhiteFideId "13602888"]
[BlackFideId "2606577"]
[EventDate "2014.10.11"]

1. d4 Nf6 2. c4 e6 3. Nc3 Bb4 4. Qc2 c5 5. dxc5 Bxc5 6. Nf3 Qc7 7. g3 a6 8. Bg2
O-O 9. b3 Be7 10. O-O d6 11. Bf4 h6 12. Rad1 Rd8 13. Qc1 Nbd7 14. Qa3 e5 15. Be3
Nf8 16. Nd5 Nxd5 17. cxd5 Bf5 18. Rc1 Qd7 19. Nd2 Rac8 20. Nc4 Qb5 21. Qa5 Nd7
22. Qxb5 axb5 23. Na5 Rxc1 24. Rxc1 Rb8 25. b4 Bd8 26. Ba7 Ra8 27. Nxb7 Be7 28.
Be3 Rxa2 29. Na5 Bd8 30. Nc6 Bf6 31. Na7 Rb2 32. Nxb5 Be7 33. Na7 Bg5 34. Bxg5
hxg5 35. Nc6 Kf8 36. e4 Bg6 37. Ra1 Kg8 38. f3 g4 39. f4 exf4 40. gxf4 Nf6 41.
e5 Be4 42. Bxe4 Nxe4 43. e6 fxe6 44. dxe6 Nd2 45. Ra8+ Kh7 46. e7 Nf3+ 47. Kf1
Rd2 48. Nd4 1-0

[Event "18th Unive Open 2014"]
[Site "Hoogeveen NED"]
[Date "2014.10.16"]
[Round "7.8"]
[White "Franco Alonso, Alejandro"]
[Black "Colijn, Stefan"]
[Result "1-0"]
[WhiteTitle "IM"]
[WhiteElo "2454"]
[BlackElo "2259"]
[WhiteFideId "2214067"]
[BlackFideId "1016199"]
[EventDate "2014.10.11"]

1. d4 Nf6 2. c4 e6 3. Nf3 b6 4. g3 Ba6 5. Qc2 Bb4+ 6. Bd2 Be7 7. e4 d5 8. cxd5
Bxf1 9. Kxf1 exd5 10. e5 Ne4 11. Nc3 Nxc3 12. bxc3 c5 13. Kg2 Nc6 14. h4 Qd7 15.
Rae1 cxd4 16. cxd4 O-O-O 17. e6 Qc7 18. Rc1 Kb7 19. Ne5 Rc8 20. Nxf7 Ba3 21. Bf4
Qe7 22. Nxh8 Bxc1 23. Rxc1 Qxe6 24. Qxh7 Rxh8 25. Qxh8 Qe4+ 26. Kg1 Nxd4 27.
Qc8# 1-0

[Event "18th Unive Open 2014"]
[Site "Hoogeveen NED"]
[Date "2014.10.16"]
[Round "7.9"]
[White "Antoli Royo, Joaquin Miguel"]
[Black "Raghavi, N."]
[Result "0-1"]
[WhiteTitle "IM"]
[BlackTitle "WIM"]
[WhiteElo "2450"]
[BlackElo "2253"]
[WhiteFideId "2259532"]
[BlackFideId "5017173"]
[EventDate "2014.10.11"]

1. d4 Nf6 2. Nf3 e6 3. e3 c5 4. Bd3 Be7 5. O-O b6 6. c4 cxd4 7. exd4 d5 8. cxd5
Nxd5 9. Ne5 O-O 10. Qh5 f5 11. Bc4 Ba6 12. Qe2 Bxc4 13. Nxc4 Qd7 14. Re1 Nc6 15.
Ne5 Nxe5 16. dxe5 Rac8 17. a3 Qa4 18. Bd2 Rc2 19. Qd1 Qb3 20. Bc1 Bc5 21. Rf1
Rxf2 0-1

[Event "18th Unive Open 2014"]
[Site "Hoogeveen NED"]
[Date "2014.10.16"]
[Round "7.10"]
[White "Pranav Vijay"]
[Black "Ris, Robert"]
[Result "1/2-1/2"]
[BlackTitle "IM"]
[WhiteElo "2197"]
[BlackElo "2427"]
[WhiteFideId "5091640"]
[BlackFideId "1011480"]
[EventDate "2014.10.11"]

1. d4 Nf6 2. c4 g6 3. g3 Bg7 4. Bg2 c5 5. d5 d6 6. Nc3 O-O 7. Nf3 e6 8. O-O exd5
9. cxd5 Re8 10. Nd2 b6 11. a4 Ba6 12. Nb5 Nbd7 13. e4 Bxb5 14. axb5 a5 15. Qb3
c4 16. Nxc4 Nxe4 17. Be3 Nec5 18. Qa2 Ne5 19. Bxc5 Nxc4 20. Qxc4 bxc5 21. Ra2
Bd4 22. b3 Qb6 23. Rd1 Rab8 24. Bf1 Re4 25. Kg2 Rbe8 26. Re2 Rxe2 1/2-1/2

[Event "18th Unive Open 2014"]
[Site "Hoogeveen NED"]
[Date "2014.10.16"]
[Round "7.11"]
[White "Schoorl, Rob"]
[Black "Clemens, Adrian"]
[Result "1/2-1/2"]
[WhiteTitle "FM"]
[BlackTitle "FM"]
[WhiteElo "2330"]
[BlackElo "2195"]
[WhiteFideId "1009508"]
[BlackFideId "1006487"]
[EventDate "2014.10.11"]

1. e4 c5 2. Nf3 e6 3. d4 cxd4 4. Nxd4 Nc6 5. Nc3 Qc7 6. f4 a6 7. Nxc6 Qxc6 8.
Bd3 b5 9. Qe2 Bb7 10. Bd2 Be7 11. a3 Rc8 12. O-O-O Nf6 13. Kb1 O-O 14. Rhe1 Qb6
15. e5 Nd5 16. Nxd5 Bxd5 17. Bxh7+ Kxh7 18. Qh5+ Kg8 19. Re3 f6 20. Rg3 Be4 21.
Bc3 Rxc3 22. Rxc3 Qb7 23. g4 fxe5 24. g5 g6 25. Qh6 Rf7 26. Rh3 Rg7 27. Qh8+ Kf7
28. fxe5 Bf5 29. Rc3 Rg8 30. Qh4 Rc8 31. Rxc8 Qxc8 32. Rd2 Qc6 33. Qh7+ Ke8 34.
Qh8+ Bf8 35. Qh7 a5 36. h4 Be7 37. Qh8+ Bf8 38. Qh7 Be7 39. Qh8+ Bf8 40. Qh7 1/2-1/2

[Event "18th Unive Open 2014"]
[Site "Hoogeveen NED"]
[Date "2014.10.16"]
[Round "7.12"]
[White "Van Osch, Mees"]
[Black "De Jong, Migchiel"]
[Result "1-0"]
[BlackTitle "IM"]
[WhiteElo "2188"]
[BlackElo "2321"]
[WhiteFideId "1035967"]
[BlackFideId "1002848"]
[EventDate "2014.10.11"]

1. e4 c5 2. Nf3 e6 3. d4 cxd4 4. Nxd4 a6 5. Bd3 Ne7 6. O-O Nbc6 7. Nxc6 Nxc6 8.
Be3 Be7 9. Nd2 O-O 10. c3 b5 11. f4 d6 12. Qh5 g6 13. Qe2 Bf6 14. Rad1 Bg7 15.
Bb1 Bb7 16. Qf2 Qe7 17. Nf3 Rfe8 18. Rfe1 Rad8 19. a3 Rd7 20. Ng5 Na5 21. f5 Nc4
22. Bc1 h6 23. fxe6 fxe6 24. Nf3 g5 25. Qg3 Ne5 26. Rf1 Kh8 27. Nxg5 Bf6 28. Nf3
Rg8 29. Qh3 Ng4 30. e5 Bxe5 31. Bxh6 Bxf3 32. Rxf3 Bxh2+ 33. Kh1 Qh7 34. Bxh7
Rxh7 35. Bg7+ 1-0

[Event "18th Unive Open 2014"]
[Site "Hoogeveen NED"]
[Date "2014.10.16"]
[Round "7.13"]
[White "Vedder, Richard"]
[Black "Groetzbach, Julian"]
[Result "0-1"]
[WhiteTitle "FM"]
[WhiteElo "2277"]
[BlackElo "2169"]
[WhiteFideId "1004166"]
[BlackFideId "24600938"]
[EventDate "2014.10.11"]

1. e4 c5 2. Nf3 d6 3. d4 cxd4 4. Nxd4 Nf6 5. Nc3 a6 6. Be3 e5 7. Nb3 Be7 8. h3
O-O 9. g4 Be6 10. g5 Nfd7 11. h4 a5 12. Nd2 Nb6 13. Qf3 Nc6 14. O-O-O Rc8 15.
Bh3 d5 16. exd5 Nxd5 17. Nxd5 Bxd5 18. Ne4 Nb4 19. Bxc8 Qxc8 20. c3 Be6 21. Qe2
Bc4 22. Qh5 Qf5 23. f3 Be2 24. cxb4 Bxf3 25. Ng3 Qc8+ 0-1

[Event "18th Unive Open 2014"]
[Site "Hoogeveen NED"]
[Date "2014.10.16"]
[Round "7.14"]
[White "Kramer, Julian"]
[Black "Van der Lende, Ilias"]
[Result "0-1"]
[WhiteElo "2147"]
[BlackElo "2277"]
[WhiteFideId "12921742"]
[BlackFideId "1019260"]
[EventDate "2014.10.11"]

1. e4 e6 2. d4 d5 3. Nc3 Bb4 4. e5 c5 5. a3 Bxc3+ 6. bxc3 Ne7 7. Qg4 cxd4 8.
cxd4 Qc7 9. Bd2 Qxc2 10. Ne2 O-O 11. Ng3 Nbc6 12. Rd1 f5 13. exf6 Rxf6 14. Qh5
Bd7 15. Be3 Qc3+ 16. Rd2 Raf8 17. Bd3 Nf5 18. O-O g6 19. Qd1 Nxe3 20. fxe3 Qxa3
21. Rxf6 Rxf6 22. h3 Nb4 23. e4 Ba4 24. Qg4 Qc1+ 25. Kh2 Qxd2 26. Nh5 Nxd3 27.
Nxf6+ Kf7 28. Nxd5 exd5 29. exd5 0-1

[Event "18th Unive Open 2014"]
[Site "Hoogeveen NED"]
[Date "2014.10.16"]
[Round "7.15"]
[White "Hoffman, Ron"]
[Black "Bezemer, Arno"]
[Result "1/2-1/2"]
[BlackTitle "FM"]
[WhiteElo "2086"]
[BlackElo "2275"]
[WhiteFideId "1007599"]
[BlackFideId "1001396"]
[EventDate "2014.10.11"]

1. g3 g6 2. Bg2 Bg7 3. Nf3 Nf6 4. O-O O-O 5. d4 d5 6. c4 dxc4 7. Na3 c3 8. bxc3
c5 9. Nc4 Be6 10. Qa4 Qd7 11. Qxd7 Nbxd7 12. Nfe5 cxd4 13. cxd4 Rac8 14. Na5
Nxe5 15. dxe5 Nd5 16. f4 b6 17. Nb3 Nc7 18. Kf2 Rfd8 19. Be3 Bf8 20. Rfc1 Bd5
21. Bxd5 Nxd5 1/2-1/2

[Event "18th Unive Open 2014"]
[Site "Hoogeveen NED"]
[Date "2014.10.16"]
[Round "7.16"]
[White "Gonzalez De La Torre, Santiago"]
[Black "Hovenga, Alje"]
[Result "1-0"]
[WhiteTitle "IM"]
[WhiteElo "2440"]
[BlackElo "2201"]
[WhiteFideId "2221667"]
[BlackFideId "1005812"]
[EventDate "2014.10.11"]

1. e4 c6 2. d4 d5 3. exd5 cxd5 4. c4 Nf6 5. Nc3 e6 6. Nf3 Bb4 7. cxd5 Nxd5 8.
Qc2 O-O 9. Bd3 Nf6 10. O-O Nc6 11. Rd1 h6 12. a3 Be7 13. Bc4 Re8 14. d5 exd5 15.
Nxd5 Nxd5 16. Bxd5 Qc7 17. Bxh6 Bf6 18. Bg5 Be6 19. Bxf6 gxf6 20. Rac1 Rad8 21.
Bxe6 Rxe6 22. g3 Qe7 23. b4 a6 24. Kg2 Re8 25. Qf5 Re2 26. Re1 Qe6 27. Qf4 Qa2
28. Rxe2 Rxe2 29. Nd4 Qd5+ 30. Qf3 Qxf3+ 31. Nxf3 Ra2 32. Rc3 Kg7 33. g4 Kg6 34.
Kg3 Ra1 35. Re3 Kg7 36. h4 Kh6 37. Rd3 Kg7 38. h5 Ra2 39. Nh4 Ne5 40. Nf5+ Kh7
41. Rc3 Ra1 42. f4 Nc6 43. Rd3 Rg1+ 44. Kh3 Rf1 45. Kg3 Rg1+ 46. Kf3 Rf1+ 47.
Ke3 Ra1 48. Rd7 Rxa3+ 49. Kf2 Nxb4 50. Rxf7+ Kh8 51. Rf8+ Kh7 52. g5 Nd3+ 53.
Kg1 Nxf4 54. g6+ Nxg6 55. Rf7+ Kg8 56. hxg6 1-0

[Event "18th Unive Open 2014"]
[Site "Hoogeveen NED"]
[Date "2014.10.16"]
[Round "7.17"]
[White "Van Foreest, Lucas"]
[Black "Henrich, Thomas"]
[Result "1-0"]
[WhiteElo "2314"]
[BlackElo "2227"]
[WhiteFideId "1039792"]
[BlackFideId "4640993"]
[EventDate "2014.10.11"]

1. d4 Nf6 2. c4 e6 3. Nc3 c5 4. d5 exd5 5. cxd5 d6 6. Nf3 g6 7. h3 Bg7 8. Bf4
O-O 9. e3 Qe7 10. Be2 a6 11. a4 Nbd7 12. O-O Ne8 13. Nd2 Ne5 14. Bh2 f5 15. a5
Rb8 16. Na4 Bd7 17. Nb6 Bb5 18. Bxb5 axb5 19. Qb3 Nc7 20. Qc2 Rbd8 21. Rad1 g5
22. f4 Ng6 23. e4 fxe4 24. f5 Nh4 25. Nxe4 Nxf5 26. Rxf5 Rxf5 27. Bxd6 Rxd6 28.
Nxd6 Qe3+ 29. Kh1 Rf2 30. Qe4 Qb3 31. Re1 Rf4 32. Qe7 Qg3 33. Rg1 g4 34. Qxc7
Be5 35. Nd7 Rf1 36. Qd8+ Kg7 37. Qg5+ 1-0

[Event "18th Unive Open 2014"]
[Site "Hoogeveen NED"]
[Date "2014.10.16"]
[Round "7.18"]
[White "Tondivar, Babak"]
[Black "De Ruiter, Danny"]
[Result "1/2-1/2"]
[WhiteTitle "FM"]
[WhiteElo "2288"]
[BlackElo "2235"]
[WhiteFideId "12501239"]
[BlackFideId "1020650"]
[EventDate "2014.10.11"]

1. d4 Nf6 2. Nf3 g6 3. g3 Bg7 4. Bg2 O-O 5. O-O d5 6. c4 c6 7. cxd5 cxd5 8. Ne5
Nc6 9. Nc3 e6 10. Nxc6 bxc6 11. Na4 Nd7 12. Bf4 Ba6 13. Bd6 Re8 14. Nc5 Nxc5 15.
Bxc5 e5 16. dxe5 Bxe5 17. Qd2 Qb8 18. Ba3 Qb6 19. Rfe1 Rab8 20. Rab1 Bb5 21.
Rbc1 Qa6 22. e3 Bc4 23. Bf1 Bxf1 24. Rxf1 Re6 25. Rc2 Rbe8 26. Rd1 Bf6 27. Qc1
h5 28. Kg2 h4 29. b3 d4 30. exd4 Re2 31. Rxc6 Rxf2+ 32. Kxf2 Qe2+ 33. Kg1 hxg3
34. hxg3 Qg4 35. Bd6 Bxd4+ 36. Rxd4 Qxd4+ 37. Kf1 Qd3+ 38. Kg1 Qd4+ 39. Kf1 Qd3+
40. Kg1 Qd4+ 41. Kf1 Qd3+ 1/2-1/2

[Event "18th Unive Open 2014"]
[Site "Hoogeveen NED"]
[Date "2014.10.16"]
[Round "7.19"]
[White "Wunnink, Michael"]
[Black "Schoehuijs, Erik"]
[Result "1-0"]
[WhiteElo "2286"]
[BlackElo "2160"]
[WhiteFideId "1005448"]
[BlackFideId "1004425"]
[EventDate "2014.10.11"]

1. d4 Nf6 2. c4 g6 3. Nc3 Bg7 4. e4 d6 5. f3 O-O 6. Nge2 c5 7. d5 e6 8. Ng3 exd5
9. cxd5 a6 10. a4 h5 11. Bg5 Nbd7 12. Be2 Re8 13. O-O Nf8 14. Qd2 N8h7 15. Be3
h4 16. Nh1 Nh5 17. Nf2 Rb8 18. f4 N7f6 19. Rfe1 Bd7 20. e5 dxe5 21. fxe5 Rxe5
22. Bxc5 Bf5 23. Bf3 Nd7 24. Bd6 Rxe1+ 25. Rxe1 Rc8 26. Be7 Qb6 27. Bxh4 Nhf6
28. Kh1 Rc4 29. Bg5 Qd6 30. Qe2 Rd4 31. g4 Nh7 32. Be3 Rb4 33. gxf5 gxf5 34. Nd3
Rh4 35. Qg2 Ndf6 36. Bf2 1-0